Chilias [Objecte] : la biblioteca virtual / Marta Balaguer la biblioteca virtual / Marta Balaguer

por Balaguer, Marta

Descripción Física: 1 f. : il. col. ; 21 x 30 cm

MARC

LEADER 00000nam a2200000Ia 4500
001 20918
008 160829s2006 xx 000 0 cat d
080 |a NBM-1-25 
100 |a Balaguer, Marta  |9 43994 
245 |a Chilias [Objecte] :  |b  la biblioteca virtual / Marta Balaguer 
260 |a Barcelona :  |b Diputació de Barcelona. Xarxa de Biblioteques Municipals,  |c 2006 
300 |a 1 f. :  |b  il. col. ;  |c 21 x 30 cm 
590 |a Làmina amb dos personatges per a retallar. 
710 1 |a Barcelona (Catalunya : Província).  |b Xarxa de Biblioteques Municipals  |9 52650 
901 |a Arxiu 
942 |n 1 
952 |0 0  |1 0  |4 0  |6 NBM125  |7 1  |9 51723  |a Arxiu  |b Arxiu  |d 2016-12-01  |l 0  |o NBM-1-25  |p 20918  |r 2016-12-01 00:00:00  |w 2016-12-01  |y ARXIU 
999 |c 55569  |d 55569